South America: Just not the Capital Quiz Stats

 Plays Quiz not verified by Sporcle

Challenge
Share
Tweet
Embed
Score 0/12 Timer 03:00
0 Plays Today
Country City % Correct
BrazilSão Paulo
96.1%
ColombiaMedellín
79.4%
ArgentinaCórdoba
67.6%
EcuadorSantiago de Guayaquil
61.3%
VenezuelaMaracaibo
53.7%
ChilePuente Alto
51.9%
BoliviaSanta Cruz de la Sierra
48.9%
PeruArequipa
36.6%
ParaguayCiudad del Este
19.6%
UruguaySalto
18.4%
GuyanaLinden
13.9%
SurinameLelydorp
10.1%

You're not logged in!

Compare scores with friends on all Sporcle quizzes.
OR
Log In

You Might Also Like...

Show Comments

Extras

Top Quizzes Today


Score Distribution

Your Account Isn't Verified!

In order to create a playlist on Sporcle, you need to verify the email address you used during registration. Go to your Sporcle Settings to finish the process.

Report this User

Report this user for behavior that violates our Community Guidelines.

Details: